00478nam a2200181 a 4500001001300000003000900013005001700022008004100039020001000080082002000090100002900110245002100139260004200160300000900202500003500211650002100246700002900267nice12345678IN_TiNIC20260116012347.0050524s0000 laha grp 000 0 urd  ac10000a220.591439bBSI aBible Society Of India,  aKitab-E-Muqaddas aLahorebBible Society of India c0000 a286p aincludes index and biblioraphy aBible-Urdu-Roman1 aBible Society Of India,